000 01242naa a22003377a 4500
001 BR7803048
003 BR-BrBNA
005 20240918174103.0
007 ta
008 230509b bl.||||| |||| 00| 0 por d
040 _aBR-BrBNA
_bpor
_cBiblioteca Nacional de Agricultura
041 _a(Pt)
072 _aF00
_b0120
090 _aF00 BR7803048
100 1 _aFagundes, A.C.
100 1 _aBatistela, A.
100 1 _aDavid, Y.K.
100 1 _aKohler, C.
100 1 _aArnet, T.
111 1 _a22. Reuniao Tecnica Anual do Milho e 6. do Sorgo Granifero
_cPorto Alegre, RS (Brazil)
_dAug 1977
245 1 _aDesfolhamento em milho, efeitos sobre o rendimento de graos e producao de massa verde em tres estagios de desenvolvimento [Zea mays]
260 3 _aPorto Alegre, RS (Brasil):
_c1977.
500 _aAta do 22. Reuniao Tecnica Anual do Milho e 6. do Sorgo Granifero Porto Alegre, RS (Brasil): 1977. p. 99-103 (BR7803048-AM)F00
650 _aMILHO
650 _aDESFOLHA
650 _aRENDIMENTO
650 _aGRAO
773 0 _tAta do 22. Reuniao Tecnica Anual do Milho e 6. do Sorgo Granifero
_wF00 BR7803048
_gPorto Alegre, RS (Brasil), 1977. p. 99-103
909 _a202404
_bLucia
_c55
_dLucia Elande
942 _cAM
_2AGRIS
999 _c308827
_d308827